000 00703nam a2200217Ii 4500
003 JO-AjNU
008 230605s9999||||xx |||||||||||||| ||und||
017 _a1994/7929
040 _aJO-AjNU
_bara
_erda
_cJO-AjNU
041 _aara
050 1 4 _aPJ6696.A22 1994
100 3 _aالعبد، محمد,
_eauthor
_917152
245 0 0 _aالمفارقة القرآنية: دراسة في بنية الدلالة
250 _aط1
264 3 1 _aالقاهرة: دار الفكر العربي، 1994
300 _a246ص
336 _atext
_btxt
_2rdacontent
337 _aunmediated
_bn
_2rdamedia
338 _avolume
_bnc
_2rdacarrier
650 4 _aالقرآن الكريم - بلاغة - ألفاظ
_917153
999 _aA5237
_c8805
_d8805